A magyarországi "város-régiók" versenyképességének értelmezése
Elmentve itt :
| Szerző: | |
|---|---|
| Testületi szerző: | |
| További közreműködők: | |
| Dokumentumtípus: | Prezentáció |
| Megjelent: |
2013
|
| Kulcsszavak: | regionális politika magyarország versenyképesség |
| Tárgyszavak: | |
| Online Access: | http://eta.bibl.u-szeged.hu/4059 |
| LEADER | 00891nnm a2200241 i 4500 | ||
|---|---|---|---|
| 001 | eta4059 | ||
| 005 | 20201208102216.0 | ||
| 008 | 201208s2013 hu o 0|| hun d | ||
| 040 | |a SZTE Elektronikus Tananyag Archívum |b hun | ||
| 041 | |a hun | ||
| 100 | 1 | |a Horváth Sarolta Noémi | |
| 245 | 1 | 2 | |a A magyarországi "város-régiók" versenyképességének értelmezése |h [elektronikus dokumentum] / |c Horváth Sarolta Noémi |
| 260 | |c 2013 | ||
| 300 | |a 13 | ||
| 516 | |a Presentation | ||
| 650 | 4 | |a Társadalomtudományok | |
| 650 | 4 | |a Közgazdasági és gazdálkodástudományok | |
| 695 | |a regionális politika | ||
| 695 | |a magyarország | ||
| 695 | |a versenyképesség | ||
| 700 | 0 | 1 | |a Lukovics Miklós |
| 711 | |a Generációk diskurzusa a regionális tudományról |c Szeged, Magyarország |d 2013. 05. 24. | ||
| 856 | 4 | 0 | |u https://eta.bibl.u-szeged.hu/4059/1/2010-0012_51_05.pdf |z Dokumentum-elérés |